000 00685nam a2200205 4500
003 OSt
005 20230824132220.0
008 708 R549v
040 _cLado V
082 _a771.2
_bZ36i
100 _9973
_aZargón, Viviana
_eautora
245 _aInstalaciones y Pinturas/
260 _aBuenos Aires
_bMinisterio de Relaciones Exteriores de la República Argentina
_c2001
300 _a8p.
_c24x24cm
650 _2Tesauro de Arte & Arquitectura
_aARTE
_9702
650 _2Tesauro de Arte & Arquitectura
_aINSTALACIONES
650 _2Tesauro de Arte & Arquitectura
_aPINTURAS
650 _2Tesauro de Arte & Arquitectura
_aMONTAJE
942 _2ddc
_c1
_h771.2
_iZ36i
_n0
999 _c4218
_d4218